00334nam a2200121Ia 4500008004100000041000800041082001400049100002300063245004100086250001400127260003800141300003300179240624s9999 xx 000 0 und d aeng a658.7 HAN aHANDFIELD ROBERT B aSOURCING AND SUPPLY CHAIN MANAGEMENT a(5th ed.) c2011aNew DelhibCengage Learning axxxii, : 848 : p. : cm. ; 25